The Mechanics of Law Making (Record no. 1311890)

MARC details
000 -LEADER
fixed length control field 00436nam a2200157Ia 4500
005 - DATE AND TIME OF LATEST TRANSACTION
control field 20250612171838.0
008 - FIXED-LENGTH DATA ELEMENTS--GENERAL INFORMATION
fixed length control field 008 250505s9999 xx 000 0 eng d
020 ## - INTERNATIONAL STANDARD BOOK NUMBER
International Standard Book Number 9789393850935
040 ## - CATALOGING SOURCE
Language of cataloging eng
Transcribing agency ILCL
041 ## - LANGUAGE CODE
Language code of text/sound track or separate title eng
Source of code eng
100 ## - MAIN ENTRY--PERSONAL NAME
Personal name Ilbert, Courtenay
245 #4 - TITLE STATEMENT
Title The Mechanics of Law Making
260 ## - PUBLICATION, DISTRIBUTION, ETC.
Place of publication, distribution, etc. Delhi
Name of publisher, distributor, etc. Law and Justice Publishing Company
Date of publication, distribution, etc. 2023
300 ## - PHYSICAL DESCRIPTION
Extent vii,209p.
942 ## - ADDED ENTRY ELEMENTS (KOHA)
Koha item type Textbook
Source of classification or shelving scheme
999 ## -
-- 1311890
-- 1311890
Holdings
Withdrawn status Lost status Source of classification or shelving scheme Damaged status Not for loan Home library Current library Source of acquisition Cost, normal purchase price Inventory number Total checkouts Full call number Barcode Date last seen Date last checked out Price effective from Koha item type
    Colon Classification (CC)     Integrated Law Course library Integrated Law Course library Apple Books 395.00 003 dt. 03-07-2024 1 Z3,98,1 E4 IL1863050 2025-11-12 2025-10-18 2025-05-06 Textbook
    Colon Classification (CC)     Integrated Law Course library Integrated Law Course library Singhal Publications 395.00 2526 dt. 26-06-2024   Z3,98,1 E4 IL1863425 2025-05-06   2025-05-06 Textbook
    Colon Classification (CC)     Integrated Law Course library Integrated Law Course library Singhal Publications 395.00 2530 dt. 26-06-2024   Z3,98,1 E4 IL1863500 2025-05-06   2025-05-06 Textbook
    Colon Classification (CC)     Integrated Law Course library Integrated Law Course library Singhal Publications 395.00 2530 dt. 26-06-2024   Z3,98,1 E4 IL1863501 2025-05-06   2025-05-06 Textbook
Copyright @ Delhi University Library System